Diseño de muebles: Desarrollo. Materiales. Fabricación
Zapisane w:
| 1. autor: | |
|---|---|
| Format: | Książka |
| Język: | hiszpański |
| Wydane: |
Barcelona
Art Blume S. L
2013
|
| Wydanie: | 1a. ed |
| Hasła przedmiotowe: | |
| Etykiety: |
Dodaj etykietę
Nie ma etykietki, Dołącz pierwszą etykiete!
|
MARC
| LEADER | 00000cam a2200000 a 4500 | ||
|---|---|---|---|
| 001 | UCE1901 | ||
| 003 | CL-VaPUC | ||
| 008 | 140526e20130000sp |||||||||||||||||spa|d | ||
| 020 | |a 9788498016932 | ||
| 082 | 0 | 4 | |a 749 |b LAW |2 21 |
| 100 | 0 | |a Lawson, Stuart |e author |9 574318 | |
| 245 | 1 | 0 | |a Diseño de muebles: Desarrollo. Materiales. Fabricación |
| 250 | |a 1a. ed | ||
| 300 | |a 224 p | ||
| 942 | |c BK | ||
| 945 | |d 20140526 07:41:00 |a dcastane | ||
| 260 | |a Barcelona |b Art Blume S. L |c 2013 | ||
| 650 | 0 | |a Diseño de muebles |9 266980 | |
| 650 | 0 | |a Diseño industrial |9 262726 | |
| 650 | 0 | |a Muebles |9 266979 | |
| 583 | |a last modification |c 20140526 07:41:00 |k Rodrigo Vera | ||
| 999 | |c 355584 |d 355582 | ||
| 952 | |0 0 |1 0 |3 erb |4 0 |6 749_000000000000000_LAW_2013 |7 0 |8 A |9 462349 |a BIBARQ |b BIBARQ |i 5080991 |l 4 |m 1 |o 749 LAW 2013 |p 5080991 |r 2025-03-25 |s 2025-03-11 |w 2019-11-23 |y BK |z Catalogado en:20140526 |k ARQ | ||